| 000 | 00619nam a2200205Ia 4500 | ||
|---|---|---|---|
| 003 | OSt | ||
| 005 | 20260406144158.0 | ||
| 008 | 210210b1997 xxu||||| |||| 00| 0 eng d | ||
| 020 | _a81 7119 335 8 | ||
| 040 | _cAL | ||
| 041 | _aKannada | ||
| 082 | _aH491.3 SIMR | ||
| 100 |
_aSIMHA (Vijaypal). _d सिंह (विजयपाल) _9260301 |
||
| 245 |
_aRitikalin sahity kosh. _bरीतिकालीन साहित्य कोष |
||
| 260 |
_aNayi Dilli. _bRadhaKrashn Prakashan Praivat Limited., _c1997 |
||
| 300 | _a705 | ||
| 690 |
_aHindi Dictionary _9260302 |
||
| 906 | _a052658 | ||
| 942 |
_2ddc _cBK |
||
| 999 |
_c101246 _d101246 |
||